000 00276nam a2200121Ia 4500
008 241002s9999 xx 000 0 und d
082 _a808.81 REE
100 _aRees, Ennis
245 4 _aThe Iltad Of Homer
260 _aNew York:
_c1963
600 _aLiterature
942 _cUC
999 _c18680
_d18680